000 00625nam a2200241 b 4500
001 0000625
003 DO-SdBNP
005 20180205133112.0
007 0000625
008 050617 1995 sp spa
017 _a
_b
020 _a8485871308
035 _a
040 _aBPMSU
_bspa
_cBPMSU
_e
100 1 _aMazariegos, Emilio L.
245 1 0 _aSalmos de un corazón joven /
_h
_cEmilio L. Mazariegos
250 _a3a. ed.
260 _aSalamanca :
_bCentro vocacional La Salle,
_c1995.
300 _a231 p. :
_c19 cm
942 _2ddc
_cBK
945 _aInventariado, 2018/ YL
956 _aYLOCKWARD
_b10
_cBPMSU
999 _c11223
_d11223